000 01035nas a2200337 4500
001 BR8304159
003 BR-BrBNA
005 20231205085645.0
007 ta
008 230509b bl.|||p| |||| 00| 00por d
040 _aBR-BrBNA
_bpor
_cBiblioteca Nacional de Agricultura
041 _a(Pt)
072 _aL74; L10
100 1 _aTahira, J.K.
100 1 _aBona Filho, A.
100 1 _aMorales, S.R.
100 1 _aSilva, N.L. da
100 1 _aSarda, P.O.
245 1 _aInfluencia da administracao de selenio e vitamina E como meio profilatico a retencao de placenta em vacas holandesas [deficiencia nutricional]
650 _aPLACENTA
650 _aPROFILAXIA
650 _aVACA LEITEIRA
650 _aPARTO
650 _aGADO HOLANDES
650 _aDEFICIENCIA NUTRICIONAL
650 _aSELENIO
650 _aVITAMINA E
773 0 _tRevista do Setor de Ciencias Agrarias (Brazil)
_xISSN 0100-607X
_g(1983), v. 5(1-2) p. 103-105
_wBR8304159
909 _a202311
_bLúcia
_c55
_dLúcia Elande
942 _2AGRIS
_n0
_cANA
999 _c112843
_d112843